|
|
|
|
| LEADER |
01773nam a2200409 a 4500 |
| 001 |
EBC823642 |
| 003 |
MiAaPQ |
| 005 |
20200520144314.0 |
| 006 |
m o d | |
| 007 |
cr cn||||||||| |
| 008 |
120110s2011 enka sb 000 0 eng d |
| 020 |
|
|
|z 9781780521145
|
| 020 |
|
|
|a 9781780521152 (electronic bk.)
|
| 035 |
|
|
|a (MiAaPQ)EBC823642
|
| 035 |
|
|
|a (Au-PeEL)EBL823642
|
| 035 |
|
|
|a (CaPaEBR)ebr10520762
|
| 035 |
|
|
|a (CaONFJC)MIL335474
|
| 035 |
|
|
|a (OCoLC)769342572
|
| 040 |
|
|
|a MiAaPQ
|c MiAaPQ
|d MiAaPQ
|
| 050 |
|
4 |
|a HB615
|b .E58 2011
|
| 245 |
0 |
0 |
|a Entrepreneurship in the global firm
|h [electronic resource] /
|c edited by Alain Verbeke, Ana Teresa Tavares-Lehmann, Rob Van Tulder.
|
| 250 |
|
|
|a 1st ed.
|
| 260 |
|
|
|a Bingley [England] :
|b Emerald Group Pub.,
|c 2011.
|
| 300 |
|
|
|a xv, 360 p. :
|b ill. (some col.).
|
| 490 |
1 |
|
|a Progress in international business research,
|x 1745-8862 ;
|v v. 6
|
| 504 |
|
|
|a Includes bibliographical references.
|
| 505 |
0 |
|
|a pt. 1. Entrepreneurship in the small, internationalizing firm -- pt. 2. Entrepreneurship in the large multinational enterprise -- pt. 3. Effects of innovation and knowledge diffusion processes in multinational enterprises.
|
| 533 |
|
|
|a Electronic reproduction. Ann Arbor, MI : ProQuest, 2015. Available via World Wide Web. Access may be limited to ProQuest affiliated libraries.
|
| 650 |
|
0 |
|a Entrepreneurship.
|
| 650 |
|
0 |
|a International business enterprises.
|
| 655 |
|
4 |
|a Electronic books.
|
| 700 |
1 |
|
|a Verbeke, Alain.
|
| 700 |
1 |
|
|a Tavares, Ana Teresa.
|
| 700 |
1 |
|
|a Tulder, Rob van.
|
| 710 |
2 |
|
|a ProQuest (Firm)
|
| 830 |
|
0 |
|a Progress in international business research ;
|v v. 6.
|
| 856 |
4 |
0 |
|u https://ebookcentral.proquest.com/lib/matrademy/detail.action?docID=823642
|z Click to View
|